00889cam a22002411 45000010008000000030009000080050017000170080041000340100017000750350019000920400029001110420012001400500020001520820017001721100067001892450087002562600040003433000019003835000153004025040032005556510033005877000027006207520733BDDh-ASL20231015030041.0770525s1964 pk b 001 0 eng  asa 65000039  a(OCoLC)2994378 aDLCcInLPdDLCdBDDh-ASL apremarc00aJX1571.5.P3bK3 a327.547bSHF2 aUniversity of Karachi.bDepartment of International Relations.10aForeign policy of Pakistan:ban analysis /c[by] Latif Ahmed Sherwani [and others] aKarachi:bAllies Book Corp.,c1964. a110 p.c22 cm. a"Revised version of contributions to a symposium conducted by the Department of International Relations of the University of Karachi in March 1962." aBibliography: p. [103]-106. 0aPakistanxForeign relations.1 aSherwani, Latif Ahmed.